Liste des pays finissant par un N - Statistiques

Statistiques générales
  • Ce quiz a été pris 554 fois
    463 depuis la dernière actualisation
  • Le résultat moyen est 16 sur 24
Statistiques - réponses
Pays % Correct
Afghanistan
87%
Ouzbekistan
86%
Pakistan
85%
Turkmenistan
84%
Iran
81%
Japon
79%
Kazakhstan
78%
Tadjikistan
78%
Liban
74%
Azerbaidjan
71%
Oman
71%
Kirghizistan
69%
Bhoutan
68%
Yemen
66%
Benin
62%
Gabon
61%
Soudan
61%
Vatican
61%
Bahrein
53%
Saint-Marin
51%
Taiwan
51%
Cameroun
44%
Liechtenstein
42%
Salomon
37%
Aucun quiz correspondant
Distribution des résultats
% des personnes avec chaque résultat
Percentile par nombre de réponses
Votre historique - résultats
Vous n’avez pas pris ce quiz depuis la dernière actualisation